[Event "BL2-Sued 9798"]
[Site "Germany"]
[Date "1997.??.??"]
[Round "?.7"]
[White "Bialas, Wolfram"]
[Black "Roederer, Kai"]
[Result "1-0"]
[WhiteElo "2320"]
[BlackElo "2205"]
[PlyCount "117"]
[EventDate "1997.10.??"]
[EventType "team-tourn"]
[EventRounds "9"]
[EventCountry "GER"]
[SourceTitle "EXT 1999"]
[Source "ChessBase"]
[SourceDate "1998.11.16"]
[SourceVersion "1"]
[SourceVersionDate "1998.11.16"]
[SourceQuality "1"]
[WhiteTeam "Sindelfingen"]
[BlackTeam "Heidelberg"]
[WhiteTeamCountry "GER"]
[BlackTeamCountry "GER"]

1. Nf3 Nf6 2. g3 b5 3. Bg2 Bb7 4. b3 e6 5. c4 bxc4 6. bxc4 c5 7. 0-0 Be7 8. Nc3 0-0 9. Rb1 Bc6 10. Re1 Qa5 11. e4 Rc8 12. Rb3 Ne8 13. d3 d6 14. Bg5 Bf8 15. Qc1 Nd7 16. Bd2 Qd8 17. Qc2 Nc7 18. d4 Nb6 19. d5 Bb7 20. Nd1 exd5 21. exd5 Ba6 22. Ne3 h6 23. Bh3 Rcb8 24. Bf5 Bc8 25. Bh7+ Kh8 26. Bc3 Be7 27. Bf5 Bf6 28. Ng4 Bxc3 29. Rxc3 Ba6 30. Qc1 Qf8 31. Bb1 Re8 32. Qc2 Rxe1+ 33. Nxe1 g6 34. h4 Re8 35. Nf3 Qg7 36. Ne3 h5 37. Ng5 Re7 38. Kg2 Kg8 39. Ra3 Qf6 40. g4 Rxe3 41. Rxe3 Bxc4 42. gxh5 Ncxd5 43. Rf3 Nf4+ 44. Kg1 Qd4 45. hxg6 Nxg6 46. Qf5 Ne5 47. Rf4 Qd1+ 48. Kh2 Bd5 49. Be4 Bxa2 50. Nf3 Nbd7 51. Nxe5 Nxe5 52. Qg5+ Kf8 53. h5 Ke8 54. h6 f6 55. Qxf6 Ng4+ 56. Rxg4 Qxg4 57. h7 Qxe4 58. h8Q+ Kd7 59. Qhd8+ 1-0

[Event "BL2-Sued 9697"]
[Site "Germany"]
[Date "1996.??.??"]
[Round "?.4"]
[White "Schwarz, Michael"]
[Black "Bialas, Wolfram"]
[Result "1/2-1/2"]
[WhiteElo "2395"]
[BlackElo "2335"]
[PlyCount "99"]
[EventDate "1996.10.??"]
[EventType "team-tourn"]
[EventRounds "9"]
[EventCountry "GER"]
[SourceTitle "GER-chT2"]
[Source "ChessBase"]
[SourceDate "1999.07.01"]
[SourceVersion "1"]
[SourceVersionDate "1999.07.01"]
[SourceQuality "1"]
[WhiteTeam "Regensburg"]
[BlackTeam "Sindelfingen"]
[WhiteTeamCountry "GER"]
[BlackTeamCountry "GER"]

1. d4 d5 2. Nf3 c5 3. g3 cxd4 4. Nxd4 g6 5. Bg2 Bg7 6. 0-0 Nf6 7. Nb3 0-0 8. Nc3 e6 9. e4 dxe4 10. Nxe4 Nxe4 11. Bxe4 Qc7 12. c3 Bd7 13. Qf3 Bc6 14. Rd1 Bxe4 15. Qxe4 Nc6 16. Bg5 h6 17. Bf4 e5 18. Be3 Rfd8 19. Nc5 Qe7 20. Qa4 Bf8 21. Qb5 Rab8 22. Ne4 Qe6 23. Rxd8 Rxd8 24. Qxb7 Rb8 25. Qa6 Rxb2 26. Bxa7 Nxa7 27. Qxa7 Qc6 28. Qe3 f5 29. Nd2 Rc2 30. Nb3 Qxc3 31. Qb6 Qc6 32. Qxc6 Rxc6 33. a4 Kf7 34. a5 Ra6 35. Rc1 Bd6 36. Kf1 g5 37. Ke2 Ke6 38. Rc5 Kd7 39. Kd3 Ra8 40. Rb5 Rb8 41. Kc4 Kc6 42. Rxb8 Bxb8 43. f3 h5 44. Nc5 g4 45. fxg4 hxg4 46. Nd3 Bd6 47. a6 e4 48. a7 Kb7 49. Nc1 f4 50. gxf4 1/2-1/2

[Event "BL2-Sued 9495"]
[Site "Germany"]
[Date "1995.??.??"]
[Round "5.3"]
[White "Bialas, Wolfram"]
[Black "Klebel, Martin"]
[Result "1-0"]
[WhiteElo "2310"]
[BlackElo "2420"]
[PlyCount "91"]
[EventDate "1994.10.??"]
[EventType "team-tourn"]
[EventRounds "9"]
[EventCountry "GER"]
[SourceTitle "GER-chT2"]
[Source "ChessBase"]
[SourceDate "1999.07.01"]
[SourceVersion "1"]
[SourceVersionDate "1999.07.01"]
[SourceQuality "1"]
[WhiteTeam "Sindelfingen"]
[BlackTeam "Goeggingen"]
[WhiteTeamCountry "GER"]
[BlackTeamCountry "GER"]

1. Nf3 d5 2. g3 c6 3. Bg2 Bg4 4. d3 Nd7 5. Nbd2 e6 6. h3 Bh5 7. 0-0 Bd6 8. b3 Ne7 9. Bb2 0-0 10. c4 a5 11. a3 b5 12. Rc1 Qb6 13. Rc2 Rfc8 14. Qa1 f6 15. Rfc1 Qb7 16. c5 Bb8 17. e4 e5 18. exd5 Nxd5 19. Ne4 Bf7 20. Nfd2 Rd8 21. Bf1 Nf8 22. d4 exd4 23. Bxd4 Ne6 24. Bb2 Bg6 25. Re1 Qd7 26. Rcc1 f5 27. Nd6 Ba7 28. Nb7 Qxb7 29. Rxe6 Re8 30. Re5 f4 31. g4 Re7 32. Bg2 Rae8 33. Bd4 Rxe5 34. Bxe5 Qe7 35. Bd6 Qe2 36. Nf3 Qd3 37. Nd4 b4 38. Rd1 Qa6 39. Nxc6 Nc3 40. Ne7+ Rxe7 41. Bxe7 Ne2+ 42. Kh1 Qe6 43. Rd8+ Kf7 44. Rf8+ Kxe7 45. Qxg7+ Bf7 46. Ra8 1-0

[Event "BL2-Sued 9596"]
[Site "Germany"]
[Date "1995.??.??"]
[Round "?.4"]
[White "Renner, Christoph"]
[Black "Bialas, Wolfram"]
[Result "1/2-1/2"]
[WhiteElo "2430"]
[BlackElo "2330"]
[PlyCount "80"]
[EventDate "1995.10.??"]
[EventType "team-tourn"]
[EventRounds "9"]
[EventCountry "GER"]
[SourceTitle "GER-chT2"]
[Source "ChessBase"]
[SourceDate "1999.07.01"]
[SourceVersion "1"]
[SourceVersionDate "1999.07.01"]
[SourceQuality "1"]
[WhiteTeam "Goeggingen"]
[BlackTeam "Sindelfingen"]
[WhiteTeamCountry "GER"]
[BlackTeamCountry "GER"]

1. e4 d6 2. d4 Nf6 3. Nc3 Nbd7 4. f4 e5 5. Nf3 exd4 6. Nxd4 Be7 7. Be2 0-0 8. 0-0 Re8 9. Bf3 Bf8 10. Re1 Nb6 11. a4 c5 12. Ndb5 a6 13. Na3 Rb8 14. b3 Na8 15. Bb2 Nc7 16. a5 Ne6 17. e5 dxe5 18. fxe5 Nd7 19. Nc4 b5 20. axb6 Nxb6 21. Nxb6 Qxb6 22. Nd5 Qa7 23. Be4 Ng5 24. c4 Nxe4 25. Rxe4 Qb7 26. Re3 Be6 27. Qf3 Red8 28. Rd1 Bxd5 29. cxd5 c4 30. d6 Qxf3 31. gxf3 Rxb3 32. Rxb3 cxb3 33. Rd3 f6 34. f4 g5 35. d7 Kf7 36. fxg5 fxe5 37. Bxe5 Ke6 38. Bf6 Rxd7 39. Rxb3 Rd1+ 40. Kg2 Rd2+ 1/2-1/2

[Event "BL2-Sued 9394"]
[Site "Germany"]
[Date "1994.??.??"]
[Round "?.8"]
[White "Bialas, Wolfram"]
[Black "Martin, Stefan"]
[Result "1-0"]
[WhiteElo "2310"]
[BlackElo "2220"]
[PlyCount "67"]
[EventDate "1993.10.??"]
[EventType "team-tourn"]
[EventRounds "9"]
[EventCountry "GER"]
[SourceTitle "GER-chT2"]
[Source "ChessBase"]
[SourceDate "1999.07.01"]
[SourceVersion "1"]
[SourceVersionDate "1999.07.01"]
[SourceQuality "1"]
[WhiteTeam "Sindelfingen"]
[BlackTeam "Viernheim"]
[WhiteTeamCountry "GER"]
[BlackTeamCountry "GER"]

1. Nf3 d5 2. g3 Nf6 3. Bg2 e6 4. 0-0 c5 5. d4 Nc6 6. c4 dxc4 7. Ne5 Bd7 8. Nxc6 Bxc6 9. Bxc6+ bxc6 10. Qa4 cxd4 11. Qxc6+ Nd7 12. Qxc4 Bc5 13. Nd2 0-0 14. Nb3 Bb6 15. a4 Rc8 16. Qa6 e5 17. Bd2 Rc2 18. Qd3 Rc6 19. a5 Bc5 20. Rfc1 Qc7 21. Rc4 Bd6 22. Rac1 Rxc4 23. Rxc4 Qb7 24. a6 Qb6 25. Ba5 Qb5 26. Rxd4 Qxd3 27. Rxd3 Nc5 28. Nxc5 Bxc5 29. b4 Bd4 30. e3 Bb2 31. b5 e4 32. Rd8 Ba3 33. Rxf8+ Bxf8 34. Bc7 1-0

[Event "BL2-Sued 9394"]
[Site "Germany"]
[Date "1994.??.??"]
[Round "?.8"]
[White "Raedeker, Bernd"]
[Black "Bialas, Wolfram"]
[Result "1/2-1/2"]
[WhiteElo "2180"]
[BlackElo "2310"]
[PlyCount "21"]
[EventDate "1993.10.??"]
[EventType "team-tourn"]
[EventRounds "9"]
[EventCountry "GER"]
[SourceTitle "GER-chT2"]
[Source "ChessBase"]
[SourceDate "1999.07.01"]
[SourceVersion "1"]
[SourceVersionDate "1999.07.01"]
[SourceQuality "1"]
[WhiteTeam "Stuttgart"]
[BlackTeam "Sindelfingen"]
[WhiteTeamCountry "GER"]
[BlackTeamCountry "GER"]

1. d4 d5 2. Nf3 Nf6 3. c4 dxc4 4. e3 e6 5. Bxc4 c5 6. 0-0 a6 7. dxc5 Qxd1 8. Rxd1 Bxc5 9. b3 0-0 10. Bb2 Be7 11. Be2 1/2-1/2

[Event "Bundesliga 9091"]
[Site "Germany"]
[Date "1991.??.??"]
[Round "?.6"]
[White "Bialas, Wolfram"]
[Black "Degenhardt, Horst"]
[Result "1-0"]
[WhiteElo "2360"]
[BlackElo "2325"]
[PlyCount "60"]
[EventDate "1990.10.06"]
[EventType "team-tourn"]
[EventRounds "15"]
[EventCountry "GER"]
[SourceTitle "GER-chT"]
[Source "ChessBase"]
[SourceDate "1999.07.01"]
[SourceVersion "1"]
[SourceVersionDate "1999.07.01"]
[SourceQuality "1"]
[WhiteTeam "Sindelfingen"]
[BlackTeam "Frankfurt"]
[WhiteTeamCountry "GER"]
[BlackTeamCountry "GER"]

1. Nf3 Nf6 2. g3 g6 3. Bg2 Bg7 4. 0-0 0-0 5. d4 d6 6. c4 Nc6 7. b3 Bg4 8. Bb2 Qc8 9. d5 Nb8 10. Re1 Re8 11. Nc3 a6 12. e4 Nh5 13. Qd2 e5 14. dxe6 Bxe6 15. Nd5 Nc6 16. Bxg7 Kxg7 17. Qc3+ Kg8 18. Rac1 Qd8 19. h3 f5 20. exf5 gxf5 21. Qd2 Kg7 22. Ng5 Ne5 23. f4 c6 24. fxe5 cxd5 25. cxd5 dxe5 26. Rxe5 Bd7 27. Rxe8 Qxe8 28. Rc7 Kg6 29. Nf3 f4 30. gxf4 Rc8 1-0

[Event "Bundesliga 9091"]
[Site "Germany"]
[Date "1991.??.??"]
[Round "?.6"]
[White "Grathwohl, Roland"]
[Black "Bialas, Wolfram"]
[Result "1/2-1/2"]
[WhiteElo "2320"]
[BlackElo "2360"]
[PlyCount "37"]
[EventDate "1990.10.06"]
[EventType "team-tourn"]
[EventRounds "15"]
[EventCountry "GER"]
[SourceTitle "GER-chT"]
[Source "ChessBase"]
[SourceDate "1999.07.01"]
[SourceVersion "1"]
[SourceVersionDate "1999.07.01"]
[SourceQuality "1"]
[WhiteTeam "Heidelberg"]
[BlackTeam "Sindelfingen"]
[WhiteTeamCountry "GER"]
[BlackTeamCountry "GER"]

1. c4 e5 2. g3 Nf6 3. Bg2 c6 4. d4 d6 5. Nc3 Nbd7 6. Nf3 Be7 7. 0-0 0-0 8. b3 a6 9. Qc2 Qc7 10. Be3 Re8 11. b4 Bf8 12. dxe5 Nxe5 13. Nxe5 dxe5 14. c5 h6 15. Rad1 Be6 16. Bc1 a5 17. a3 axb4 18. axb4 Rad8 19. Rxd8 1/2-1/2

[Event "Bundesliga 8990"]
[Site "Germany"]
[Date "1990.??.??"]
[Round "?.6"]
[White "Meier, Volker"]
[Black "Bialas, Wolfram"]
[Result "1-0"]
[WhiteElo "2240"]
[BlackElo "2370"]
[PlyCount "91"]
[EventDate "1989.10.??"]
[EventType "team-tourn"]
[EventRounds "15"]
[EventCountry "GER"]
[SourceTitle "GER-chT"]
[Source "ChessBase"]
[SourceDate "1999.07.01"]
[SourceVersion "1"]
[SourceVersionDate "1999.07.01"]
[SourceQuality "1"]
[WhiteTeam "Lasker Steglitz"]
[BlackTeam "Sindelfingen"]
[WhiteTeamCountry "GER"]
[BlackTeamCountry "GER"]

1. e4 c5 2. Nf3 Nc6 3. Bb5 Qb6 4. Nc3 e6 5. 0-0 Nge7 6. Re1 Nd4 7. Bf1 Nec6 8. Nxd4 cxd4 9. Nb1 Be7 10. d3 0-0 11. Nd2 e5 12. Nc4 Qc7 13. a4 f5 14. c3 f4 15. Bd2 d6 16. b4 Be6 17. b5 dxc3 18. Bxc3 Nd4 19. Bxd4 exd4 20. Rc1 Qd7 21. Be2 Rac8 22. h3 Rc5 23. Bg4 Rg5 24. Bxe6+ Qxe6 25. Qf3 Bd8 26. Re2 Rf6 27. Kh2 Rh6 28. Rec2 Rhg6 29. Nd2 Rxg2+ 30. Qxg2 Rxg2+ 31. Kxg2 Ba5 32. Rc8+ Kf7 33. Nf3 Qg6+ 34. Kf1 Qh5 35. Ke2 h6 36. Rb8 Bc3 37. Rxb7+ Kf6 38. Rg1 g5 39. Rg2 Qe8 40. Rc7 Qe6 41. Rc4 Kg6 42. Nh4+ Kf6 43. Nf5 f3+ 44. Kxf3 Qe5 45. Rg3 Be1 46. Ke2 1-0

[Event "Bundesliga 8889"]
[Site "Germany"]
[Date "1989.??.??"]
[Round "?.5"]
[White "Bialas, Wolfram"]
[Black "Meister, Peter"]
[Result "1/2-1/2"]
[WhiteElo "2365"]
[BlackElo "2350"]
[PlyCount "24"]
[EventDate "1988.10.??"]
[EventType "team-tourn"]
[EventRounds "15"]
[EventCountry "GER"]
[SourceTitle "GER-chT"]
[Source "ChessBase"]
[SourceDate "1999.07.01"]
[SourceVersion "1"]
[SourceVersionDate "1999.07.01"]
[SourceQuality "1"]
[WhiteTeam "Sindelfingen"]
[BlackTeam "Bamberg"]
[WhiteTeamCountry "GER"]
[BlackTeamCountry "GER"]

1. d4 e6 2. e4 d5 3. Nc3 Nc6 4. Nf3 Nf6 5. exd5 exd5 6. Bb5 Bb4 7. 0-0 0-0 8. Bxc6 bxc6 9. Ne5 Bxc3 10. bxc3 Ne4 11. Ba3 Re8 12. Qf3 f6 1/2-1/2

[Event "Bundesliga 8889"]
[Site "Germany"]
[Date "1989.??.??"]
[Round "?.4"]
[White "Bialas, Wolfram"]
[Black "Schoen, Wolfram"]
[Result "1/2-1/2"]
[WhiteElo "2365"]
[BlackElo "2405"]
[PlyCount "89"]
[EventDate "1988.10.??"]
[EventType "team-tourn"]
[EventRounds "15"]
[EventCountry "GER"]
[SourceTitle "GER-chT"]
[Source "ChessBase"]
[SourceDate "1999.07.01"]
[SourceVersion "1"]
[SourceVersionDate "1999.07.01"]
[SourceQuality "1"]
[WhiteTeam "Sindelfingen"]
[BlackTeam "Koeln Porz"]
[WhiteTeamCountry "GER"]
[BlackTeamCountry "GER"]

1. Nf3 g6 2. d4 Bg7 3. g3 Nf6 4. Bg2 0-0 5. 0-0 d6 6. c4 Nc6 7. Nc3 a6 8. h3 Rb8 9. Be3 Bd7 10. Rc1 h6 11. Qd2 Kh7 12. b3 e5 13. dxe5 dxe5 14. Nd5 Be6 15. Rfd1 Nd7 16. b4 Ne7 17. Nxe7 Qxe7 18. c5 Rfd8 19. Qc2 Nf6 20. Rxd8 Rxd8 21. Nxe5 Bd5 22. Nc4 Qe6 23. a4 Bxg2 24. Kxg2 Nd5 25. Qb3 Re8 26. Kh2 Nxe3 27. Qxe3 Qd7 28. Qf3 Qxa4 29. Qxb7 Rxe2 30. Qf3 Qa2 31. Kg2 Re7 32. Ne3 Bd4 33. Rc2 Qb3 34. Nd5 Qxc2 35. Nxe7 Kg7 36. Nd5 c6 37. Nf4 Qd2 38. Nd3 h5 39. Qe4 Qc3 40. Nf4 Qd2 41. Nd3 Qc3 42. g4 hxg4 43. hxg4 Bf6 44. Kf3 Qd2 45. Kg2 1/2-1/2

[Event "Bundesliga 8889"]
[Site "Germany"]
[Date "1988.??.??"]
[Round "?.4"]
[White "Bialas, Wolfram"]
[Black "Zysk, Robert"]
[Result "1/2-1/2"]
[WhiteElo "2365"]
[BlackElo "2395"]
[PlyCount "43"]
[EventDate "1988.10.??"]
[EventType "team-tourn"]
[EventRounds "15"]
[EventCountry "GER"]
[SourceTitle "GER-chT"]
[Source "ChessBase"]
[SourceDate "1999.07.01"]
[SourceVersion "1"]
[SourceVersionDate "1999.07.01"]
[SourceQuality "1"]
[WhiteTeam "Sindelfingen"]
[BlackTeam "Solingen"]
[WhiteTeamCountry "GER"]
[BlackTeamCountry "GER"]

1. d4 Nf6 2. c4 g6 3. Nc3 d5 4. Nf3 Bg7 5. e3 0-0 6. Bd2 c5 7. dxc5 Na6 8. cxd5 Nxc5 9. Bc4 a6 10. a4 Bf5 11. 0-0 Rc8 12. Qe2 Nfe4 13. Rfd1 Nxc3 14. Bxc3 Bxc3 15. bxc3 Ne4 16. Rd4 Nd6 17. e4 Bg4 18. Bd3 Qa5 19. Qd2 Bxf3 20. gxf3 Qxc3 21. Qxc3 Rxc3 22. e5 1/2-1/2

[Event "Bundesliga 8788"]
[Site "Germany"]
[Date "1988.??.??"]
[Round "?.3"]
[White "Cladouras, Panagiotis"]
[Black "Bialas, Wolfram"]
[Result "1-0"]
[WhiteElo "2380"]
[BlackElo "2360"]
[PlyCount "49"]
[EventDate "1987.10.??"]
[EventType "team-tourn"]
[EventRounds "15"]
[EventCountry "GER"]
[SourceTitle "GER-chT"]
[Source "ChessBase"]
[SourceDate "1999.07.01"]
[SourceVersion "1"]
[SourceVersionDate "1999.07.01"]
[SourceQuality "1"]
[WhiteTeam "Zehlendorf"]
[BlackTeam "Sindelfingen"]
[WhiteTeamCountry "GER"]
[BlackTeamCountry "GER"]

1. e4 g6 2. d4 Bg7 3. Nf3 d6 4. c3 Nd7 5. Bc4 e6 6. 0-0 Ne7 7. Bb3 0-0 8. Re1 b6 9. Nbd2 Bb7 10. Nf1 c5 11. Ng3 h6 12. h4 Nf6 13. Bf4 Ng4 14. h5 cxd4 15. cxd4 e5 16. dxe5 dxe5 17. Bd2 Qd6 18. hxg6 Nxg6 19. Nf5 Qf6 20. Ng5 Nxf2 21. Kxf2 hxg5 22. Qg4 Nf4 23. Bxf4 gxf4 24. Rh1 Rac8 25. Qxg7+ 1-0

[Event "Bundesliga 8788"]
[Site "Germany"]
[Date "1988.??.??"]
[Round "?.5"]
[White "Hartmann, Wolfram"]
[Black "Bialas, Wolfram"]
[Result "0-1"]
[WhiteElo "2300"]
[BlackElo "2360"]
[PlyCount "38"]
[EventDate "1987.10.??"]
[EventType "team-tourn"]
[EventRounds "15"]
[EventCountry "GER"]
[SourceTitle "GER-chT"]
[Source "ChessBase"]
[SourceDate "1999.07.01"]
[SourceVersion "1"]
[SourceVersionDate "1999.07.01"]
[SourceQuality "1"]
[WhiteTeam "Erlangen"]
[BlackTeam "Sindelfingen"]
[WhiteTeamCountry "GER"]
[BlackTeamCountry "GER"]

1. e4 g6 2. d4 Bg7 3. Nc3 d6 4. f4 c6 5. a4 Qb6 6. Nge2 a5 7. Qd3 Na6 8. Nd1 Nf6 9. c3 e5 10. Ne3 exd4 11. Nc4 Qc7 12. Qxd4 0-0 13. Qxd6 Nxe4 14. Qxc7 Nxc7 15. Be3 Nd5 16. Bg1 Re8 17. 0-0-0 Bg4 18. Ne5 Bxe2 19. Bxe2 Nxf4 0-1

[Event "Bundesliga 8889"]
[Site "Germany"]
[Date "1988.??.??"]
[Round "?.4"]
[White "Pichler, Juergen"]
[Black "Bialas, Wolfram"]
[Result "1-0"]
[WhiteElo "2325"]
[BlackElo "2365"]
[PlyCount "77"]
[EventDate "1988.10.??"]
[EventType "team-tourn"]
[EventRounds "15"]
[EventCountry "GER"]
[SourceTitle "GER-chT"]
[Source "ChessBase"]
[SourceDate "1999.07.01"]
[SourceVersion "1"]
[SourceVersionDate "1999.07.01"]
[SourceQuality "1"]
[WhiteTeam "Muenchen 36"]
[BlackTeam "Sindelfingen"]
[WhiteTeamCountry "GER"]
[BlackTeamCountry "GER"]

1. e4 c5 2. Nf3 Nc6 3. d4 cxd4 4. Nxd4 g6 5. Be2 Bg7 6. Nb3 Nf6 7. Nc3 0-0 8. 0-0 a6 9. f4 d6 10. Bf3 Be6 11. Nd5 Rc8 12. Be3 Nd7 13. c3 Re8 14. Re1 Na5 15. Nxa5 Qxa5 16. a4 Bxd5 17. exd5 b5 18. axb5 Qxb5 19. Ra2 Nc5 20. Be2 Qb8 21. Bd4 Bh6 22. b4 Ne4 23. Qd3 Nf6 24. Qf3 e5 25. dxe6 Rxe6 26. Rf1 d5 27. f5 gxf5 28. Qxf5 Bg7 29. Bd3 Rce8 30. Raf2 Qd6 31. Qh3 h6 32. Qh4 Ne4 33. Bxg7 Kxg7 34. Rxf7+ Kg8 35. Qg4+ Rg6 36. Qd7 Qb6+ 37. Kh1 Rd8 38. Qf5 Qe6 39. Rf8+ 1-0

[Event "Bundesliga 8687"]
[Site "Germany"]
[Date "1987.??.??"]
[Round "?.3"]
[White "Bialas, Wolfram"]
[Black "Breyther, Ruediger"]
[Result "1-0"]
[WhiteElo "2345"]
[BlackElo "2335"]
[PlyCount "67"]
[EventDate "1986.10.??"]
[EventType "team-tourn"]
[EventRounds "15"]
[EventCountry "GER"]
[SourceTitle "GER-chT"]
[Source "ChessBase"]
[SourceDate "1999.07.01"]
[SourceVersion "1"]
[SourceVersionDate "1999.07.01"]
[SourceQuality "1"]
[WhiteTeam "Sindelfingen"]
[BlackTeam "Hamburger SG BUE"]
[WhiteTeamCountry "GER"]
[BlackTeamCountry "GER"]

1. g3 d5 2. Bg2 Nf6 3. Nf3 c6 4. d3 Bg4 5. h3 Bxf3 6. Bxf3 Nbd7 7. 0-0 g6 8. e4 Bg7 9. Qe2 0-0 10. Bg5 h6 11. Be3 e5 12. c4 d4 13. Bc1 a5 14. Bg2 Nc5 15. b3 Nfd7 16. Nd2 f5 17. exf5 gxf5 18. Rb1 Qf6 19. a3 Rac8 20. Bb2 Qg6 21. b4 axb4 22. axb4 Na4 23. c5 Nxb2 24. Rxb2 e4 25. dxe4 d3 26. Qxd3 Bxb2 27. Qb3+ Rf7 28. Qxb2 fxe4 29. Nc4 Re7 30. Nd6 Rf8 31. Qb3+ Kh8 32. Re1 Ne5 33. Rxe4 b5 34. Qc3 1-0

[Event "Bundesliga 8788"]
[Site "Germany"]
[Date "1987.??.??"]
[Round "?.4"]
[White "Bialas, Wolfram"]
[Black "Kaiser, Wolfgang"]
[Result "1-0"]
[WhiteElo "2360"]
[BlackElo "2355"]
[PlyCount "49"]
[EventDate "1987.10.??"]
[EventType "team-tourn"]
[EventRounds "15"]
[EventCountry "GER"]
[SourceTitle "GER-chT"]
[Source "ChessBase"]
[SourceDate "1999.07.01"]
[SourceVersion "1"]
[SourceVersionDate "1999.07.01"]
[SourceQuality "1"]
[WhiteTeam "Sindelfingen"]
[BlackTeam "Muenchen 36"]
[WhiteTeamCountry "GER"]
[BlackTeamCountry "GER"]

1. g3 Nf6 2. Bg2 d5 3. Nf3 c6 4. d3 Bf5 5. 0-0 h6 6. b3 e6 7. Bb2 Be7 8. c4 0-0 9. Nbd2 a5 10. a3 Nbd7 11. Bc3 Bh7 12. Qc1 b5 13. b4 axb4 14. axb4 Qc7 15. Qb2 Ra4 16. Rxa4 bxa4 17. Ra1 Ra8 18. c5 Qb7 19. Qc2 Qa6 20. Nb3 e5 21. Na5 d4 22. Bd2 Nd5 23. Qxa4 Bf6 24. Nxd4 Nxc5 25. Qxc6 1-0